Modern housing (Record no. 107815)

MARC details
000 -LEADER
fixed length control field 01400cad a22002175a 4500
001 - CONTROL NUMBER
control field L141972
008 - FIXED-LENGTH DATA ELEMENTS--GENERAL INFORMATION
fixed length control field 080117e20071108xxk f 000 0 eng d
035 ## - SYSTEM CONTROL NUMBER
System control number (Sirsi) u141972
041 0# - LANGUAGE CODE
Language code of text/sound track or separate title eng
050 04 - LIBRARY OF CONGRESS CALL NUMBER
Classification number 306.1 $2 18
110 2# - MAIN ENTRY--CORPORATE NAME
Corporate name or jurisdiction name as entry element NHBC Foundation
9 (RLIN) 4948
245 00 - TITLE STATEMENT
Title Modern housing
Remainder of title households' views of their new homes
Medium [electronic resource]
260 ## - PUBLICATION, DISTRIBUTION, ETC.
Place of publication, distribution, etc. Amersham
Name of publisher, distributor, etc. NHBC Foundation
Date of publication, distribution, etc. 2007
520 ## - SUMMARY, ETC.
Summary, etc. Aims to provide housebuilders, and those involved in the provision of new houses with information to help them ensure that the stock they provide is of the highest standard. Identifies key differences in the housing stock profile since 1991 and since 2002. Details what has been found that households like and dislike about their homes, and key factors which influenced their choice. Compares satisfaction levels. Identifies neighbourhood problems and improvements they would like to see. Provides information from the English House Condition Survey and Survey of English Housing, background information on the UK housing stock profile.
521 2# - TARGET AUDIENCE NOTE
Target audience note Advanced
590 ## - LOCAL NOTE (RLIN)
Local note KA
651 #4 - SUBJECT ADDED ENTRY--GEOGRAPHIC NAME
Geographic name United Kingdom
Chronological subdivision
690 ## - LOCAL SUBJECT ADDED ENTRY--TOPICAL TERM (OCLC, RLIN)
Topical term or geographic name as entry element PROPERTY-RESIDENTIAL PROPERTY-DOMESTIC RESIDENTIAL PROPERTY-HOUSING
856 40 - ELECTRONIC LOCATION AND ACCESS
Uniform Resource Identifier <a href="https://www.nhbcfoundation.org/LinkClick.aspx?fileticket=qJkYoXQPdNI%3D&tabid=339&mid=774&language=en-GB">https://www.nhbcfoundation.org/LinkClick.aspx?fileticket=qJkYoXQPdNI%3D&tabid=339&mid=774&language=en-GB</a>
Public note View the item free of charge at www.nhbcfoundation.org...
942 ## - ADDED ENTRY ELEMENTS (KOHA)
Suppress in OPAC 0
Holdings
Withdrawn status Lost status Source of classification or shelving scheme Damaged status Not for loan Home library Current library Shelving location Date acquired Total Checkouts Full call number Barcode Date last seen Copy number Price effective from Koha item type
    Dewey Decimal Classification     Virtual Virtual Online 17/01/2008   ONLINE PUBLICATION 141972-1001 06/08/2019 1 06/08/2019 Book